হিমালয়ের ভাটিতে ভারতের নদী-নিয়ন্ত্রণ প্রকল্প ও বাংলাদেশের অবস্থান / (Record no. 76921)
[ view plain ]
| 000 -LEADER | |
|---|---|
| fixed length control field | 01134nam a22002537a 4500 |
| 001 - CONTROL NUMBER | |
| control field | 76921 |
| 003 - CONTROL NUMBER IDENTIFIER | |
| rucl marc code | BD-RjUL |
| 005 - DATE AND TIME OF LATEST TRANSACTION | |
| control field | 20211209082915.0 |
| 008 - FIXED-LENGTH DATA ELEMENTS--GENERAL INFORMATION | |
| fixed length control field | 200206s2017 bg ||||| |||| 00| 0 ben d |
| 020 ## - INTERNATIONAL STANDARD BOOK NUMBER | |
| International Standard Book Number | 9789849293439 |
| 035 ## - SYSTEM CONTROL NUMBER | |
| System control number | (BD-RjUL)77145 |
| 040 ## - CATALOGING SOURCE | |
| Original cataloging agency | BD-RjUL |
| Language of cataloging | eng |
| Transcribing agency | BD-RjUL |
| 041 ## - LANGUAGE CODE | |
| Language code of text/sound track or separate title | eng |
| 082 ## - DEWEY DECIMAL CLASSIFICATION NUMBER | |
| Edition number | 23 |
| Classification number | 627.120954 |
| Author mark and year | RAH 2017 |
| 100 ## - MAIN ENTRY--PERSONAL NAME | |
| Personal name | রহমান, সরদার আবদুর |
| 9 (RLIN) | 238906 |
| 245 ## - TITLE STATEMENT | |
| Title | হিমালয়ের ভাটিতে ভারতের নদী-নিয়ন্ত্রণ প্রকল্প ও বাংলাদেশের অবস্থান / |
| Statement of responsibility, etc. | সরদার আবদুর রহমান |
| 260 ## - PUBLICATION, DISTRIBUTION, ETC. (IMPRINT) | |
| Place of publication, distribution, etc. | ঢাকা : |
| Name of publisher, distributor, etc. | মাওলা ব্রাদার্স, |
| Date of publication, distribution, etc. | ২০১৭ |
| 300 ## - PHYSICAL DESCRIPTION | |
| Pagination | ১৮৪ পৃ. : |
| Illustrations | চিত্র, ম্যাপ ; |
| Size | ২২ সেমি. |
| 504 ## - BIBLIOGRAPHY, ETC. NOTE | |
| Bibliography, etc | বিবলিওগ্রাফি ও ইনডেক্স সম্বলিত। |
| 650 ## - SUBJECT ADDED ENTRY--TOPICAL TERM | |
| Topical term or geographic name as entry element | River engineering |
| Geographic subdivision | India |
| 9 (RLIN) | 238907 |
| Topical term or geographic name as entry element | Physical geography. |
| 9 (RLIN) | 238908 |
| Topical term or geographic name as entry element | River engineering |
| General subdivision | Environmental aspects |
| 9 (RLIN) | 238909 |
| 942 ## - ADDED ENTRY ELEMENTS (KOHA) | |
| Source of classification or shelving scheme | Dewey Decimal Classification |
| Koha item type | Books |
| Lost status | Source of classification or shelving scheme | Damaged status | Not for loan | Permanent Location | Current Location | Shelving location | Date acquired | Source of acquisition | Cost, normal purchase price | Total Checkouts | Full call number | Date last seen | Copy number | Koha item type |
|---|---|---|---|---|---|---|---|---|---|---|---|---|---|---|
| Dewey Decimal Classification | Not For Loan | Central Library, University of Rajshahi | Central Library, University of Rajshahi | Reading Room | 08/12/2019 | Heritage Rajshahi | 450.00 | B 627.120954 RAH 2017 | 06/02/2020 | C-1 | Books | |||
| Dewey Decimal Classification | Central Library, University of Rajshahi | Central Library, University of Rajshahi | 08/12/2019 | Heritage Rajshahi | 450.00 | B 627.120954 RAH 2017 | 06/02/2020 | C-2 | Books |